International Law Theories: An Inquiry into Different Ways of Thinking, 2017 (Indian Print)
| Autore principale: | |
|---|---|
| Natura: | Sconosciuto |
| Pubblicazione: |
OUP
|
| LEADER | 00244 a2200085 4500 | ||
|---|---|---|---|
| 020 | |a 9780198725121 | ||
| 100 | |a Andrea Bianchi | ||
| 245 | |a International Law Theories: An Inquiry into Different Ways of Thinking, 2017 (Indian Print) | ||
| 260 | |b OUP | ||
| 999 | |c 40303 |d 40303 | ||